Kader von Real Madrid Champions League 2024/2025 - Statistiken

Allgemein
  • Dieses Quiz wurde 204 mal gespielt
  • Das Durchschnittsergebnis liegt bei 19 aus 25
Antwortstatistiken
Bildquiz Antwort % Korrekt
Antonio Rüdiger
96%
David Alaba
95%
Jude Bellingham
93%
Kylian Mbappé
93%
Luka Modrić
93%
Thibaut Courtois
93%
Vinícius Junior
91%
Arda Güler
90%
Dani Carvajal
89%
Éder Militão
88%
Eduardo Camavinga
88%
Rodrygo
88%
Andriy Lunin
86%
Federico Valverde
86%
Ferland Mendy
85%
Endrick
84%
Aurelién Tchouaméni
79%
Brahim Díaz
74%
Lucas Vázquez
69%
Fran García
65%
Jesús Vallejo
59%
Dani Ceballos
56%
Sergio Mestre
8%
Lorenzo Aguado
5%
Kike Ribes
1%
Keine übereinstimmenden Quizze gefunden
Verteilung der Resultate
Anzahl Personen mit jedem Resultat
Perzentil nach korrekt beantworteten Fragen
Ihre Resultats-Entwicklung
Sie haben dieses Quiz noch nicht gespielt